| 000 | 01063nam a22002417a 4500 | ||
|---|---|---|---|
| 005 | 20170123164140.0 | ||
| 010 | _aB-133543 | ||
| 020 |
_a812374465 _c115.00 |
||
| 035 | _aB-133543 | ||
| 040 |
_aDPL _bPN |
||
| 082 |
_a851 _bਸ਼ਹੀਦ |
||
| 100 |
_a _915664 |
||
| 245 |
_aਸ਼ਹੀਦ-ਏ- ਆਜਮ ਭਗਤ ਸਿੰਘ ਕਾਵਿ / _cਧਰਮਪਾਲ ਸਿੰਗਲ [ਅਤੇ] ਬਲਦੇਵ ਸਿੰਘ ਬੱਦਨ |
||
| 246 |
_aShed-E-azam bhagat singh kaavi _bedited by Dharampal singal [and] Baldev singh baddan |
||
| 260 |
_aਨਵੀਂ ਦਿੱਲੀ _bਨੈਸ਼ਨਲ ਬੁਕ ਟਰੱਸਟ |
||
| 270 |
_aਏ-5, ਗਰੀਨ ਪਾਰਕ _bਨਵੀਂ ਦਿੱਲੀ _e10016 |
||
| 300 |
_a353p. _c21(pbk) |
||
| 650 |
_aਪੰਜਾਬੀ ਸਾਹਿਤ _vਜੀਵਨੀ _915665 |
||
| 650 |
_aPunjabi Literature _vBiography _91698 |
||
| 700 |
_a ਸਿੰਗਲ, ਧਰਮਪਾਲ _94298 |
||
| 700 |
_aਬੱਦਨ, ਬਲਦੇਵ ਸਿੰਘ _94299 |
||
| 942 |
_2ddc _cPN _h851 _mਸ਼ਹੀਦ |
||
| 999 |
_c109636 _d109636 |
||